A SNOBOL4 primer /
Guardado en:
| Autor Principal: | |
|---|---|
| Otros Autores: | |
| Formato: | Libro |
| Idioma: | English |
| Publicado: |
Englewood Cliffs, N.J. :
Prentice-Hall,
c1973.
|
| Materias: | |
| Etiquetas: |
Agregar Etiqueta
Sin Etiquetas, Sea el primero en etiquetar este registro!
|
| LEADER | 00632pam a22001935a 4500 | ||
|---|---|---|---|
| 001 | MAT.inmabb002281 | ||
| 008 | 730301s1973####nju######b####001#0#eng#d | ||
| 005 | 20170503123959.0 | ||
| 245 | 1 | 2 | |a A SNOBOL4 primer / |c Ralph E. Griswold, Madge T. Griswold. |
| 260 | |a Englewood Cliffs, N.J. : |b Prentice-Hall, |c c1973. | ||
| 300 | |a viii, 184 p. ; |c 24 cm. | ||
| 504 | |a Bibliografía: p. 178-179. | ||
| 020 | |a 0138153817 | ||
| 100 | 1 | |a Griswold, Ralph E., |d 1934- | |
| 700 | 1 | |a Griswold, Madge T., |d 1941- | |
| 650 | 0 | |a SNOBOL (Computer program language) | |
| 084 | |a 68N15 |2 msc2000 | ||
| 010 | |a 73003307 | ||
| 859 | |h 68 |i G871 |p A-3947 |b BIB. MATEMATICA | ||
